Countries in the Himalayas - Statistics

General Stats
  • This quiz has been taken 42 times
  • The average score is 6 of 6
Answer Stats
Hint Answer % Correct
6. China
100%
2. India
100%
4. Nepal
97%
5. Bhutan
95%
3. Pakistan
95%
1. Afghanistan
89%
No matching quizzes found
Score Distribution
Percent of People with Each Score
Percentile by Number Answered
Your Score History
You have not taken this quiz